ইসলামী রাষ্ট্র ব্যবস্থা / (Record no. 65729)
[ view plain ]
| 000 -LEADER | |
|---|---|
| fixed length control field | 00969nam a2200229 a 4500 |
| 001 - CONTROL NUMBER | |
| control field | 65729 |
| 003 - CONTROL NUMBER IDENTIFIER | |
| rucl marc code | BD-RjUL |
| 005 - DATE AND TIME OF LATEST TRANSACTION | |
| control field | 20211209081445.0 |
| 008 - FIXED-LENGTH DATA ELEMENTS--GENERAL INFORMATION | |
| fixed length control field | 170311s1995 bg ||||| |||| 00| 0 ben d |
| 035 ## - SYSTEM CONTROL NUMBER | |
| System control number | (BD-RjUL)65859 |
| 040 ## - CATALOGING SOURCE | |
| Original cataloging agency | BD-RjUL |
| Language of cataloging | ben |
| Transcribing agency | BD-RjUL |
| 041 ## - LANGUAGE CODE | |
| Language code of text/sound track or separate title | ben |
| 082 ## - DEWEY DECIMAL CLASSIFICATION NUMBER | |
| Edition number | 23 |
| Classification number | 297.272 |
| Author mark and year | JAI 1995 |
| 100 ## - MAIN ENTRY--PERSONAL NAME | |
| Personal name | জায়দান, আবদুল করিম |
| 9 (RLIN) | 122855 |
| 245 10 - TITLE STATEMENT | |
| Title | ইসলামী রাষ্ট্র ব্যবস্থা / |
| Statement of responsibility, etc. | আবদুল করিম জায়দান ; অনুবাদ : মুহাম্মদ আবদুর রহিম |
| 260 ## - PUBLICATION, DISTRIBUTION, ETC. (IMPRINT) | |
| Place of publication, distribution, etc. | ঢাকা : |
| Name of publisher, distributor, etc. | আধুনিক প্রকাশনী, |
| Date of publication, distribution, etc. | ১৯৭৯ |
| 300 ## - PHYSICAL DESCRIPTION | |
| Pagination | ১২০ পৃ. ; |
| Size | ১৭ সেমি. |
| 650 ## - SUBJECT ADDED ENTRY--TOPICAL TERM | |
| Topical term or geographic name as entry element | ইসলাম ও রাষ্ট্র |
| 9 (RLIN) | 122856 |
| Topical term or geographic name as entry element | Islam & State |
| 9 (RLIN) | 122857 |
| 700 ## - ADDED ENTRY--PERSONAL NAME | |
| Personal name | অনুবাদ : রহিম, মুহাম্মদ আবদুর |
| 942 ## - ADDED ENTRY ELEMENTS (KOHA) | |
| Source of classification or shelving scheme | Dewey Decimal Classification |
| Koha item type | Books |
| Lost status | Source of classification or shelving scheme | Damaged status | Not for loan | Collection code | Permanent Location | Current Location | Shelving location | Date acquired | Source of acquisition | Total Checkouts | Full call number | Date last seen | Copy number | Koha item type |
|---|---|---|---|---|---|---|---|---|---|---|---|---|---|---|
| Dewey Decimal Classification | Not For Loan | Non-fiction | Central Library, University of Rajshahi | Central Library, University of Rajshahi | Reading Room | 02/01/1995 | RU : Habibur Rahman, Economics Dept. | B 297.272 JAI 1995 | 11/03/2017 | C-1 | Books |